|
|
|
|
| LEADER |
01160nam a2200313 a 4500 |
| 001 |
000002394 |
| 003 |
CZ BrMZK |
| 005 |
20211103120722.0 |
| 007 |
ta |
| 008 |
930330s1993 xr f cze d |
| 015 |
|
|
|a cnb000074878
|
| 020 |
|
|
|a 80-01-00894-0
|c 20.00
|
| 040 |
|
|
|a BOA001
|b cze
|
| 080 |
|
|
|a 621.39.037.37(075.8)
|2 MRF
|
| 245 |
0 |
0 |
|a Digitální telekomunikační technika :
|b Určeno pro posl.fak.elektrotechn.
|n Díl 6,
|p Digitální sítě /
|c František Křížovský, Eugen Linhart, Stanislav Vávra
|
| 246 |
3 |
0 |
|a Digitální sítě
|
| 250 |
|
|
|a 1. vyd.
|
| 260 |
|
|
|a Praha :
|b České vysoké učení technické,
|c 1993
|
| 300 |
|
|
|a 2, 77 s.
|
| 500 |
|
|
|a Bibliogr.s.76-77
|
| 653 |
0 |
|
|a digitální telekomunikační technika
|
| 700 |
1 |
|
|a Vávra, Stanislav,
|d 1938-
|7 ntka174423
|
| 700 |
1 |
|
|a Křížovský, František,
|d 1942-
|7 ntka173198
|
| 700 |
1 |
|
|a Linhart, Eugen
|7 jk01072159
|
| 910 |
|
|
|a BOA001
|b 2-0986.549,6
|
| 962 |
|
|
|a 621.39
|
| 964 |
|
|
|a Technika telekomunikační digitální
|x učebnice
|x školy vysoké
|
| 990 |
|
|
|a BK
|
| 996 |
6 |
|
|b 2610000262
|c 2-0986.549,6
|l MZK
|r Sklad / do 1 hodiny
|n 8
|p p.v.
|w 000002394
|u 000010
|a 1
|e BOA001
|j MZK50
|s P
|